Jean Cuisenier, Le périple d’Ulysse, Paris, Fayard, 2003, 451 pages [Bibliographie, notes, glossaire, index, cartes et croquis] (notice n° 1636530)
[ vue normale ]
| 000 -LEADER | |
|---|---|
| fixed length control field | 02289cam a2200181 4500500 |
| 005 - DATE AND TIME OF LATEST TRANSACTION | |
| control field | 20260111145822.0 |
| 041 ## - LANGUAGE CODE | |
| Language code of text/sound track or separate title | fre |
| 042 ## - AUTHENTICATION CODE | |
| Authentication code | dc |
| 100 10 - MAIN ENTRY--PERSONAL NAME | |
| Personal name | Parasie, Sylvain |
| Relator term | author |
| 245 00 - TITLE STATEMENT | |
| Title | Jean Cuisenier, Le périple d’Ulysse, Paris, Fayard, 2003, 451 pages [Bibliographie, notes, glossaire, index, cartes et croquis] |
| 260 ## - PUBLICATION, DISTRIBUTION, ETC. | |
| Date of publication, distribution, etc. | 2005.<br/> |
| 500 ## - GENERAL NOTE | |
| General note | 99 |
| 520 ## - SUMMARY, ETC. | |
| Summary, etc. | RésuméL’auteur s’intéresse à une pratique aujourd’hui très répandue dans l’Église catholique, la prière charismatique collective, apparue en France en 1972. Alors que la démarche charismatique met l’accent sur le rapport individuel avec Dieu, l’article montre, à partir d’une analyse ethnographique menée en 2000 dans un groupe parisien de la communauté de l’Emmanuel, comment le dispositif de la prière (chant collectif, louanges, paroles d’exhortation, lectures) permet aux participants, dans un jeu interactionnel, de s’accorder sur la présence de Dieu, de Jésus, de l’Esprit-Saint. |
| 520 ## - SUMMARY, ETC. | |
| Summary, etc. | The author studies a very widespread practice in the Catholic Church today, the collective charismatic prayer that appeared in France in 1972. While the charismatic approach emphasizes the individual relationship with God, the article shows from an ethnographical analysis conducted in 2000 in a Parisian group of the Emmanuel community how the organization of the prayer (collective song, praise, words of exhortation, readings) enables the participants to get together in communion with God, Jesus and the Holy Spirit. |
| 520 ## - SUMMARY, ETC. | |
| Summary, etc. | ZusammenfassungDer Autor studiert eine heute weitverbreitete Praktik der katholischen Kirche, das kollektive charismatische Gebet, das 1972 in Frankreich erschienen ist. Während der charismatische Schritt den Schwerpunkt auf die individuelle Beziehung mit Gott legt, geht der Artikel von einer ethnographischen Studie aus, die 1972 in einer Pariser Gruppe der Gemeinschaft von Emmanuael gemacht wurde, um zu zeigen, wie das Gebet den Teilnehmern ermöglicht, in Gleichklang mit Gott, Jesus und dem Heiligen Geist zusammen zu werden. |
| 786 0# - DATA SOURCE ENTRY | |
| Note | Ethnologie française | 35 | 2 | 2005-06-01 | p. 355a-371a | 0046-2616 |
| 856 41 - ELECTRONIC LOCATION AND ACCESS | |
| Uniform Resource Identifier | <a href="https://shs.cairn.info/revue-ethnologie-francaise-2005-2-page-355a?lang=fr&redirect-ssocas=7080">https://shs.cairn.info/revue-ethnologie-francaise-2005-2-page-355a?lang=fr&redirect-ssocas=7080</a> |
Pas d'exemplaire disponible.




Réseaux sociaux